000 00885nam a2200253 a 4500
008 110706s2011 ag il. f |||| 001 0 spa d
020 _a9789500601283
041 _aspa
092 _c616.96
_lASH
_s4
100 1 _aAsh, Lawrence R.
_9125
245 _aAtlas de parasitología humana /
_cLawrence R. Ash
250 _a5a ed. 1a reimp.
_bTraducción Sandra Elizabeth y Silvia Cwi
260 _aBuenos Aires:
_bEditorial Médica Panamericana;
_c2011.
300 _a556 p.
_c27x21 cm.
500 _aAsh, L. R. y Orihel, T. C. (2011). Atlas de parasitología humana. (5a ed.). Buenos Aires : Editorial Médica Panamericana.
590 _aCompra FACIMED, Julio 2011
653 _aProtozoos
653 _aHelmintos
653 _aArtrópodos
653 _aSeudoparásitos y artefactos
653 _aProcedimientos diagnósticos
700 1 _aOrihel, Thomas C.
_9126
942 _2ddc
_cBK
999 _c876
_d876